000 00521cam a2200205ua 4500
001 6746
008 140212n ii |||gr||||Z||||||eng
020 _a81-7096-453-9
040 _cMAIN
082 _a657.046
245 _aAdvanced accountany
_cBy S.P. Jain
250 _a8th rev & enl/ rep.
260 _aLudhiana:
_bKalyani publishers,
_c1979.
300 _aviii,120p.
653 _aAccounting
653 _aAdvanced accountany
700 _aJain,S.P.,
_eAuthor .,
700 _aNarang,K.L.,
_eAuthor.
942 _cBK
999 _c5894
_d5894